Women, Poverty and Islam (Record no. 9616)

MARC details
000 -LEADER
fixed length control field 00636nam a2200241 a 4500
020 ## - INTERNATIONAL STANDARD BOOK NUMBER
ISBN 0521557
082 00 - DEWEY DECIMAL CLASSIFICATION NUMBER
Classification number 305.4095694
Author Cutter MOO
100 ## - MAIN ENTRY--AUTHOR NAME
Author name Moors, Annelies
245 ## - TITLE STATEMENT
Title Women, Poverty and Islam
Sub title Palestine Experiences 1920-1990
260 ## - PUBLICATION, DISTRIBUTION, ETC. (IMPRINT)
Place of publication Cambridge
Name of publisher Cambridge University Press
Year of publication 1995
300 ## - PHYSICAL DESCRIPTION
Number of Pages 274p
500 ## - GENERAL NOTE
General note includes index and biblioraphy
505 2# - FORMATTED CONTENTS NOTE
Formatted contents note 7
650 ## - SUBJECT ADDED ENTRY--TOPICAL TERM
Topical Term Women-Palestenian
942 ## - ADDED ENTRY ELEMENTS (KOHA)
Koha item type Books
700 1# -
-- Moors, Annelies
Holdings
Collection code Home library Current library Date acquired Cost, normal purchase price Full call number Accession Number Koha item type
  Henry Martyn Institute Library Henry Martyn Institute Library 10/30/2007 838.70 305.4095694 MOO 017062 Books
                   Copyright © 2026 | Henry Martyn Institute | Hyderabad | TS-500052 | INDIA | Implemented by hmi.edu.in
Hit-Count:

Powered by Koha